000 00165nam a2200073Ia 4500
008 170617s9999 xx 000 0 und d
100 _aTulsi Das-G.S
245 0 _aSUNDAR KAND
260 _bGeeta Press
999 _c15169
_d15169